000 00758nam a2200181 a 4500
001 818
003 CO-ViMGA
008 141112s2004 ck r 000 u spa d
040 _aCO-ViMGA
_bspa
_cCO-ViMGA
082 0 4 _a611.9 M124
100 1 _aMackinnon, Pamela C.B
_948736
245 1 0 _aAnatomía funcional /
_cMackinnon Pamela C.B , Morris John F
260 _aBuenos Aires :
_bMedica PanAméricana,
_c1993
300 _a3 v
505 _aConcepción sistemática acerca de los tejidos 4 - - Imágenes de la cabeza y el cuello 10 - - Desarrollo de la cabeza y el cuello 21 - - Base anatómica de algunos reflejos neurales de la cabeza y el cuello 190 - - Respuesta a las preguntas planteadas 198
650 1 4 _aANATOMIA FUNCIONAL
_948737
942 _2ddc
_cBK
999 _c13054
_d13054